00649nam a22001097a 4500040000800000082002700008100002200035245034300057260002600400300002600426856008700452 cRUA aAGR SRE 2010 B047 Or.1 aSRENG, LEANGCHENG aEffect of plant density on growth and yield of mungbean at royal university of agriculture, ឥទ្ថិពលនៃដង់ស៊ីតេដំណាំលើការលូតលាស់និងទិន្នផលសណ្តែកបាយនៅសាកលវិទ្យាល័យភូមិន្ទកសិកម្ម aPhnom PenhbRUAc2010 aix, 39p.bill.c29cm. uhttps://drive.google.com/file/d/1ZPiLZOATfp-heUfqvWtQkLYC8YEG5S9y/view?usp=sharing